LIBRARY & INFORMATION CENTRE, KCAET, TAVANUR

ONLINE PUBLIC ACCESS CATALOGUE (OPAC)

Annotated bibliography of Agricultural Engineering research in India / (Record no. 8866)

MARC details
000 -LEADER
fixed length control field 00543cam a2200193ua 4500
041 ## - LANGUAGE CODE
Language code of text/sound track or separate title eng
082 ## - DEWEY DECIMAL CLASSIFICATION NUMBER
Classification number 028.7563
Item number LAL/AN
100 ## - MAIN ENTRY--AUTHOR NAME
Personal name Lall, R.R .
245 00 - TITLE STATEMENT
Title Annotated bibliography of Agricultural Engineering research in India /
260 ## - PUBLICATION, DISTRIBUTION, ETC. (IMPRINT)
Place of publication Bhopal :
Name of publisher Central Institute of Agricultural Engineering ,
Year of publication 1981.
300 ## - PHYSICAL DESCRIPTION
Number of Pages 320 ; .
700 1# - ADDED ENTRY--PERSONAL NAME
Personal name Srivastava, P.K .
700 1# - ADDED ENTRY--PERSONAL NAME
Personal name Tarun, Kapur .
942 ## - ADDED ENTRY ELEMENTS (KOHA)
Koha item type Books
Holdings
Withdrawn status Lost status Damaged status Home library Current library Date acquired Full call number Accession Number Koha item type
      KAUAET KAUAET 24/04/1990 028.7563 16698 Reference
free website counter